Kraje najbliższe Bahrajnu - Statystyki

Ogólne statystyki
  • Ten quiz został rozwiązany 194 razy
  • Średni wynik to 16 z 20
Statystyki odpowiedzi
km kraj % Poprawnych
0 Arabia Saudyjska
98%
448 Irak
96%
191 Iran
96%
1 Katar
95%
509 Oman
94%
771 Jemen
93%
1283 Syria
91%
158 Zjednoczone Emiraty Arabskie
90%
322 Kuwejt
89%
1088 Pakistan
89%
1325 Turcja
84%
1077 Afganistan
82%
1269 Jordania
82%
1449 Egipt
81%
1447 Armenia
69%
1356 Azerbejdżan
68%
1513 Erytrea
58%
1513 Somalia
58%
1264 Turkmenistan
58%
1449 Sudan
51%
Nie znaleziono quizów pasujących do podanych kryteriów
Rozkład punktacji
Procent ludzi z każdym wynikiem
Percentyl według liczby udzielonych odpowiedzi
Twoja historia wyników
Nie rozwiązałeś tego quizu